[Event "EU-ch Seniors 65 19th"]
[Site "Rhodes"]
[Date "2019.04.13"]
[Round "8"]
[White "Van Hoorn, Marsel"]
[Black "Ladisic, Alex Sacha"]
[Result "0-1"]
[WhiteElo "1686"]
[BlackElo "1930"]
[PlyCount "50"]
[EventDate "2019.04.06"]
[EventType "swiss"]
[EventRounds "9"]
[EventCountry "GRE"]
[SourceTitle "CBM 189 Extra"]
[Source "ChessBase"]
[SourceDate "2019.06.03"]
[SourceVersion "1"]
[SourceVersionDate "2019.06.03"]
[SourceQuality "1"]

1. c4 Nf6 2. Nc3 d6 3. g3 e5 4. Bg2 Nc6 5. e3 g6 6. Nge2 Bg7 7. 0-0 0-0 8. d4 Bd7 9. a3 a5 10. f4 Qc8 11. Re1 Nh5 12. Nd5 Re8 13. b3 exd4 14. e4 f5 15. Bb2 d3 16. Nec3 Bd4+ 17. Kf1 fxe4 18. Bxe4 Bf5 19. Ra2 Bxe4 20. Rxe4 Qh3+ 21. Ke1 Qxh2 22. Qxd3 Nxg3 23. Bc1 Qh1+ 24. Kd2 Nxe4+ 25. Nxe4 Rxe4 0-1